[Event "Open Ciudad de San Sebastián 2018"]
[Site "San Sebastian ESP"]
[Date "2018.03.28"]
[Round "6.4"]
[White "Cinza Lopez, Javier"]
[Black "Iruzubieta Villaluenga, Jesus M"]
[Result "0-1"]
[WhiteElo "1976"]
[BlackElo "2426"]
[PlyCount "66"]
[EventDate "2018.03.24"]
[EventType "swiss"]
[EventRounds "9"]
[EventCountry "ESP"]
[SourceTitle "Ajedrez en Madrid"]
[Source "lmi"]
[SourceDate "2018.03.24"]
[SourceVersion "1"]
[SourceVersionDate "2018.04.01"]
[SourceQuality "1"]

1. e4 d6 2. d4 Nf6 3. Nc3 c6 4. f4 Qa5 5. Bd3 e5 6. Nf3 Nbd7 7. Be3 g6 8. h3
exd4 9. Nxd4 Bg7 10. O-O O-O 11. g4 Re8 12. Qf3 Qc7 13. g5 Nh5 14. Rae1 b5 15.
Qg2 b4 16. Na4 c5 17. Nb5 Qb8 18. e5 dxe5 19. fxe5 Bb7 20. Qf2 Nxe5 21. Be2 Bc6
22. c4 a6 23. Bxc5 axb5 24. Nb6 bxc4 25. Nxa8 Bxa8 26. Bxh5 gxh5 27. Re3 Qb7
28. Qh2 Qd5 29. Bxb4 Qd4 30. Qf2 Nf3+ 31. Rxf3 Bxf3 32. Bc5 Qxf2+ 33. Rxf2 Re1+
0-1

[Event "Open Ciudad de San Sebastián 2018"]
[Site "San Sebastian ESP"]
[Date "2018.03.28"]
[Round "6.5"]
[White "Pulvett Marin, Daniel"]
[Black "Venkatesh, M.R.."]
[Result "0-1"]
[WhiteElo "2459"]
[BlackElo "2487"]
[PlyCount "106"]
[EventDate "2018.03.24"]
[EventType "swiss"]
[EventRounds "9"]
[EventCountry "ESP"]
[SourceTitle "Ajedrez en Madrid"]
[Source "lmi"]
[SourceDate "2018.03.24"]
[SourceVersion "1"]
[SourceVersionDate "2018.04.01"]
[SourceQuality "1"]

1. d4 Nf6 2. c4 e6 3. g3 Bb4+ 4. Bd2 Qe7 5. Bg2 Bxd2+ 6. Qxd2 d5 7. Nf3 O-O 8.
O-O Nc6 9. cxd5 exd5 10. Nc3 Rd8 11. Qf4 Ne4 12. h4 h6 13. Rad1 a6 14. Ne5 Nxc3
15. bxc3 Nxe5 16. dxe5 c6 17. Rd3 Be6 18. Rfd1 a5 19. R1d2 Rd7 20. Kh2 Rad8 21.
h5 b5 22. Bh3 b4 23. Bf5 c5 24. c4 dxc4 25. Rxd7 Rxd7 26. Rxd7 Qxd7 27. Bxe6
Qxe6 28. Qe4 c3 29. f4 a4 30. f5 Qc8 31. e6 fxe6 32. fxe6 c2 33. e7 Kf7 34.
Qg6+ Kxe7 35. Qxg7+ Kd6 36. Qxh6+ Qe6 37. Qd2+ Qd5 38. Qxc2 Qxh5+ 39. Kg2 Qd5+
40. e4 b3 41. axb3 axb3 42. Qe2 Qd4 43. e5+ Ke6 44. Qb5 Qd5+ 45. Kh3 Kxe5 46.
g4 c4 47. Qb6 Qf3+ 48. Kh2 Qe2+ 49. Kg3 b2 50. Qc5+ Ke4 51. Qf5+ Kd4 52. Qf4+
Kc3 53. Qf6+ Kc2 0-1

[Event "Open Ciudad de San Sebastián 2018"]
[Site "San Sebastian ESP"]
[Date "2018.03.28"]
[Round "6.6"]
[White "Prieto Aranguren, Alain"]
[Black "Habans Aguerrea, Javier"]
[Result "1-0"]
[WhiteElo "2261"]
[BlackElo "1930"]
[PlyCount "107"]
[EventDate "2018.03.24"]
[EventType "swiss"]
[EventRounds "9"]
[EventCountry "ESP"]
[SourceTitle "Ajedrez en Madrid"]
[Source "lmi"]
[SourceDate "2018.03.24"]
[SourceVersion "1"]
[SourceVersionDate "2018.04.01"]
[SourceQuality "1"]

1. d4 Nf6 2. c4 c5 3. d5 b5 4. cxb5 a6 5. bxa6 g6 6. Nc3 Bg7 7. e4 O-O 8. Nf3
Qa5 9. Bd2 Bxa6 10. Be2 Qb4 11. e5 Ng4 12. Nb5 Qe4 13. O-O Nxe5 14. Nxe5 Bxb5
15. Bxb5 Qxe5 16. Bc3 Qd6 17. Re1 Na6 18. a4 Rfb8 19. Bxg7 Kxg7 20. b3 Nb4 21.
Bc4 Qf6 22. Qd2 e6 23. Rad1 exd5 24. Bxd5 Ra6 25. Bc4 Ra7 26. Qd6 Qxd6 27. Rxd6
Nc6 28. h4 Rb4 29. Re3 Rab7 30. g3 Rc7 31. Rd1 Na5 32. Bd5 d6 33. Rc3 c4 34.
Rdc1 Rc5 35. bxc4 Rxa4 36. Rf3 f5 37. Re3 Nxc4 38. Re7+ Kf6 39. Rf7+ Ke5 40.
Bg2 d5 41. Rxh7 d4 42. Rd7 Ra3 43. f4+ Kf6 44. Rxd4 Ne3 45. Rxc5 Ra1+ 46. Kf2
Ng4+ 47. Ke2 Ra2+ 48. Rd2 Ra3 49. Rc6+ Kg7 50. Rd7+ Kh6 51. Rc8 Ra2+ 52. Ke1
Kh5 53. Rh8+ Nh6 54. Bf3# 1-0

[Event "Open Ciudad de San Sebastián 2018"]
[Site "San Sebastian ESP"]
[Date "2018.03.28"]
[Round "6.7"]
[White "Viñal Gutierrez, Pedro"]
[Black "Del Rio De Angelis, Salvador G"]
[Result "0-1"]
[WhiteElo "2056"]
[BlackElo "2535"]
[PlyCount "54"]
[EventDate "2018.03.24"]
[EventType "swiss"]
[EventRounds "9"]
[EventCountry "ESP"]
[SourceTitle "Ajedrez en Madrid"]
[Source "lmi"]
[SourceDate "2018.03.24"]
[SourceVersion "1"]
[SourceVersionDate "2018.04.01"]
[SourceQuality "1"]

1. d4 g6 2. Bf4 Bg7 3. e3 d6 4. Nf3 Nd7 5. h3 e5 6. Bh2 Ne7 7. c4 O-O 8. Nc3
exd4 9. Nxd4 Nc6 10. Be2 Nxd4 11. exd4 Nb8 12. O-O Nc6 13. d5 Nd4 14. Bd3 f5
15. Bf4 g5 16. Be3 Qf6 17. f4 g4 18. hxg4 fxg4 19. g3 Bf5 20. Kg2 Qg6 21. Bxf5
Nxf5 22. Bf2 h5 23. Qd2 h4 24. Rae1 Rae8 25. Ne4 hxg3 26. Bxg3 Rxe4 27. Rxe4
Nxg3 0-1

[Event "Open Ciudad de San Sebastián 2018"]
[Site "San Sebastian ESP"]
[Date "2018.03.28"]
[Round "6.8"]
[White "Gorny, Michael"]
[Black "Franco Alonso, Alejandro"]
[Result "1-0"]
[WhiteElo "1989"]
[BlackElo "2444"]
[PlyCount "107"]
[EventDate "2018.03.24"]
[EventType "swiss"]
[EventRounds "9"]
[EventCountry "ESP"]
[SourceTitle "Ajedrez en Madrid"]
[Source "lmi"]
[SourceDate "2018.03.24"]
[SourceVersion "1"]
[SourceVersionDate "2018.04.01"]
[SourceQuality "1"]

1. d4 Nf6 2. c4 e6 3. Nf3 b6 4. g3 Ba6 5. Qc2 Bb4+ 6. Bd2 Be7 7. e4 d5 8. cxd5
Bxf1 9. Kxf1 exd5 10. e5 Ne4 11. Nc3 Nxd2+ 12. Qxd2 Qd7 13. h4 Nc6 14. Kg2 Nd8
15. Qd3 Ne6 16. Rac1 h6 17. Nh2 Bxh4 18. f4 g6 19. Qf3 Be7 20. Qxd5 c6 21.
Qxd7+ Kxd7 22. d5 cxd5 23. Nxd5 Rac8 24. Nxb6+ axb6 25. Rhd1+ Nd4 26. Rxd4+ Ke6
27. Rdc4 Rxc4 28. Rxc4 Bc5 29. Rc2 g5 30. Kf3 Ra8 31. a3 h5 32. Nf1 Kf5 33. Rc3
g4+ 34. Kg2 h4 35. gxh4 Kxf4 36. Rc4+ Kxe5 37. Rxg4 f5 38. Rg5 Be7 39. Rh5 Rg8+
40. Kf3 Rg4 41. Rxf5+ Kxf5 42. Ne3+ Ke5 43. Kxg4 Ke4 44. Nf5 Bf6 45. b3 Kd3 46.
h5 Kc3 47. h6 Bh8 48. Kh5 Kxb3 49. Nd6 Be5 50. h7 Bh8 51. Kg6 Ka4 52. Kf7 b5
53. Kg8 Be5 54. Nf5 1-0

[Event "Open Ciudad de San Sebastián 2018"]
[Site "San Sebastian ESP"]
[Date "2018.03.28"]
[Round "6.9"]
[White "Corral Sierra, Javier"]
[Black "Delgado Crespo, Mairelys"]
[Result "1-0"]
[WhiteElo "2040"]
[BlackElo "2250"]
[PlyCount "141"]
[EventDate "2018.03.24"]
[EventType "swiss"]
[EventRounds "9"]
[EventCountry "ESP"]
[SourceTitle "Ajedrez en Madrid"]
[Source "lmi"]
[SourceDate "2018.03.24"]
[SourceVersion "1"]
[SourceVersionDate "2018.04.01"]
[SourceQuality "1"]

1. Nf3 d5 2. c4 e6 3. g3 Nf6 4. Bg2 Be7 5. O-O O-O 6. d4 dxc4 7. Qc2 a6 8. Qxc4
b5 9. Qc2 Bb7 10. Bd2 Be4 11. Qc1 Nbd7 12. Ba5 Nb6 13. Nbd2 Bb7 14. Rd1 Rc8 15.
Nb3 Na4 16. Rd2 Be4 17. Qf1 Qd5 18. Ne1 Bxg2 19. Nxg2 Qf5 20. Ne3 Qe4 21. Rc1
c6 22. Rdc2 Nd7 23. Qg2 Qxg2+ 24. Kxg2 c5 25. dxc5 Naxc5 26. Nxc5 Rxc5 27. Rxc5
Bxc5 28. Nc2 Ne5 29. b3 Nc6 30. Ne1 Bb4 31. Rxc6 Bxa5 32. Nd3 Ra8 33. Nc5 Bb4
34. Nxa6 Ba3 35. Rb6 Bf8 36. Kf3 g6 37. Nc7 Rxa2 38. Nxb5 h5 39. Rb8 Kg7 40.
Nc7 g5 41. b4 Ra7 42. Ne8+ Kg6 43. b5 Ra3+ 44. e3 Bc5 45. Rc8 Be7 46. Rc7 Bd8
47. Rc6 Rb3 48. Nd6 Bf6 49. b6 Be5 50. Ke4 Bxd6 51. Rxd6 Rb2 52. Kd3 Kf6 53.
Kc3 Rb1 54. Kc2 Rb5 55. Rc6 Ke5 56. Rc7 Rxb6 57. Rxf7 Ke4 58. h4 g4 59. Rf4+
Ke5 60. Kd3 Rb2 61. Rf8 Rb5 62. Rh8 Kf6 63. Rh6+ Kf7 64. Ke4 Rf5 65. Kd3 Ra5
66. e4 Rb5 67. Ke3 Ra5 68. Kf4 Ra2 69. Rxh5 Rxf2+ 70. Kxg4 Re2 71. Kf3 1-0

[Event "Open Ciudad de San Sebastián 2018"]
[Site "San Sebastian ESP"]
[Date "2018.03.28"]
[Round "6.10"]
[White "Forgas Moreno, Yaniela"]
[Black "Martin Morientes, Javier"]
[Result "1-0"]
[WhiteElo "2245"]
[BlackElo "1938"]
[PlyCount "58"]
[EventDate "2018.03.24"]
[EventType "swiss"]
[EventRounds "9"]
[EventCountry "ESP"]
[SourceTitle "Ajedrez en Madrid"]
[Source "lmi"]
[SourceDate "2018.03.24"]
[SourceVersion "1"]
[SourceVersionDate "2018.04.01"]
[SourceQuality "1"]

1. e4 c5 2. Nc3 Nc6 3. Bb5 e6 4. Bxc6 bxc6 5. d3 d5 6. Nf3 g6 7. O-O Bg7 8. e5
Ba6 9. b3 Bb5 10. a4 Ba6 11. Ba3 Qa5 12. Qe1 h5 13. Ne4 Qxe1 14. Nd6+ Kf8 15.
Rfxe1 Nh6 16. Bxc5 Kg8 17. Nd4 Nf5 18. N6xf5 gxf5 19. Nxc6 Kh7 20. Nxa7 f6 21.
exf6 Bxf6 22. d4 Rhe8 23. b4 Be7 24. Nc6 Bxc5 25. dxc5 Kg6 26. b5 Bc8 27. b6
Kf6 28. Ne5 Ra6 29. a5 Bb7 1-0

[Event "Open Ciudad de San Sebastián 2018"]
[Site "San Sebastian ESP"]
[Date "2018.03.28"]
[Round "6.11"]
[White "Pena Duarte, Fabian Dario"]
[Black "Muñoz Avila, Jose Luis"]
[Result "1/2-1/2"]
[WhiteElo "2207"]
[BlackElo "2055"]
[PlyCount "99"]
[EventDate "2018.03.24"]
[EventType "swiss"]
[EventRounds "9"]
[EventCountry "ESP"]
[SourceTitle "Ajedrez en Madrid"]
[Source "lmi"]
[SourceDate "2018.03.24"]
[SourceVersion "1"]
[SourceVersionDate "2018.04.01"]
[SourceQuality "1"]

1. e4 d6 2. d4 Nf6 3. Nc3 e5 4. Nf3 Nbd7 5. Bc4 Be7 6. Ng5 O-O 7. Bxf7+ Rxf7 8.
Ne6 Qe8 9. Nxc7 Qd8 10. Nxa8 b5 11. dxe5 Nxe5 12. Bf4 Bd7 13. Bxe5 dxe5 14. Nd5
Qxa8 15. Nxe7+ Rxe7 16. f3 Qc6 17. Qd2 Be6 18. O-O Rd7 19. Qf2 Rc7 20. c3 a5
21. Rfd1 a4 22. Rd8+ Kf7 23. g4 Rd7 24. Rxd7+ Nxd7 25. Qh4 Nf8 26. Rd1 Qc5+ 27.
Kg2 Ng6 28. Qf2 Nf4+ 29. Kg3 Qc7 30. a3 Bc4 31. Qe3 Be6 32. h4 g6 33. Qd2 Ke7
34. Qe3 Bc4 35. Kf2 Ke6 36. Kg3 Ke7 37. Rd2 Ke6 38. Qf2 Ke7 39. Kh2 h6 40. Kg3
Ke6 41. Qe3 Ke7 42. Qf2 Ke6 43. Rd1 Ke7 44. Qd2 Bb3 45. Re1 Qc5 46. Rc1 Bc4 47.
Rd1 Ne2+ 48. Kg2 Nf4+ 49. Kg3 Ne2+ 50. Kg2 1/2-1/2

[Event "Open Ciudad de San Sebastián 2018"]
[Site "San Sebastian ESP"]
[Date "2018.03.28"]
[Round "6.12"]
[White "Torres Ganuza, Francisco Javier"]
[Black "Pascual Garcia, Martin"]
[Result "1/2-1/2"]
[WhiteElo "2103"]
[BlackElo "1782"]
[PlyCount "82"]
[EventDate "2018.03.24"]
[EventType "swiss"]
[EventRounds "9"]
[EventCountry "ESP"]
[SourceTitle "Ajedrez en Madrid"]
[Source "lmi"]
[SourceDate "2018.03.24"]
[SourceVersion "1"]
[SourceVersionDate "2018.04.01"]
[SourceQuality "1"]

1. d4 d5 2. Nf3 Nf6 3. c4 e6 4. Nc3 c6 5. cxd5 exd5 6. Bg5 Be7 7. Qc2 Bg4 8.
Ne5 Bh5 9. e3 Nbd7 10. Nxd7 Nxd7 11. Bf4 Bg6 12. Bd3 Bxd3 13. Qxd3 Bg5 14. Bg3
Bh4 15. e4 Bxg3 16. hxg3 dxe4 17. Nxe4 Qe7 18. O-O-O O-O-O 19. Qf3 Rhe8 20.
Rhe1 Qe6 21. Qf4 Nf6 22. Nxf6 Qc4+ 23. Kb1 Rxe1 24. Rxe1 Qd3+ 25. Ka1 gxf6 26.
Qxf6 Qxd4 27. Qf5+ Kb8 28. a3 f6 29. Re7 Qc4 30. Qf4+ Qxf4 31. gxf4 Rd2 32.
Rxh7 Rxf2 33. g3 Rf3 34. Rf7 Rxg3 35. Rxf6 Rf3 36. f5 a5 37. Kb1 Rf2 38. Rf8+
Ka7 39. f6 Kb6 40. f7 Kb5 41. b3 c5 1/2-1/2

[Event "Open Ciudad de San Sebastián 2018"]
[Site "San Sebastian ESP"]
[Date "2018.03.29"]
[Round "7.1"]
[White "Venkatesh, M.R.."]
[Black "Martinez Duany, Lelys Stanley"]
[Result "0-1"]
[WhiteElo "2487"]
[BlackElo "2499"]
[PlyCount "102"]
[EventDate "2018.03.24"]
[EventType "swiss"]
[EventRounds "9"]
[EventCountry "ESP"]
[SourceTitle "Ajedrez en Madrid"]
[Source "lmi"]
[SourceDate "2018.03.24"]
[SourceVersion "1"]
[SourceVersionDate "2018.04.01"]
[SourceQuality "1"]

1. Nf3 c5 2. g3 Nc6 3. Bg2 g6 4. c3 Bg7 5. d4 cxd4 6. cxd4 d5 7. Nc3 e6 8. O-O
Nge7 9. b3 O-O 10. e3 b6 11. Ba3 Ba6 12. Re1 Qd7 13. e4 Rfe8 14. e5 Rac8 15.
Qd2 Na5 16. h3 Nf5 17. Ne2 Bxe2 18. Rxe2 Qb5 19. g4 Bh6 20. Qd1 Ne7 21. Bf1 Qd7
22. Re1 b5 23. Bc5 Nb7 24. b4 Nxc5 25. dxc5 Rb8 26. Nd4 Bf4 27. h4 a6 28. g5
Qc7 29. Qe2 h6 30. gxh6 Nf5 31. Nf3 Qe7 32. h5 Qf8 33. h7+ Kh8 34. Bh3 Qh6 35.
Bxf5 gxf5 36. Qd3 Qxh5 37. Kf1 f6 38. exf6 e5 39. Ng1 d4 40. Qh3 Qg6 41. Ne2
Bd2 42. Red1 Bxb4 43. Ng3 f4 44. Nh5 Rf8 45. c6 Rf7 46. Rac1 Bc3 47. Qf3 Rxh7
48. c7 Rxc7 49. Nxf4 exf4 50. Qxf4 Rg8 51. Rxd4 Bxd4 0-1

[Event "Open Ciudad de San Sebastián 2018"]
[Site "San Sebastian ESP"]
[Date "2018.03.29"]
[Round "7.2"]
[White "Vazquez Igarza, Renier"]
[Black "Sielecki, Christof"]
[Result "0-1"]
[WhiteElo "2559"]
[BlackElo "2435"]
[PlyCount "96"]
[EventDate "2018.03.24"]
[EventType "swiss"]
[EventRounds "9"]
[EventCountry "ESP"]
[SourceTitle "Ajedrez en Madrid"]
[Source "lmi"]
[SourceDate "2018.03.24"]
[SourceVersion "1"]
[SourceVersionDate "2018.04.01"]
[SourceQuality "1"]

1. Nf3 d5 2. d4 Nf6 3. Bf4 c5 4. e3 Nc6 5. Nbd2 e6 6. c3 Bd6 7. Bg3 O-O 8. Bb5
Bxg3 9. hxg3 Qb6 10. Bxc6 bxc6 11. Qc2 Rb8 12. Rb1 Ba6 13. Nb3 cxd4 14. exd4 e5
15. Nxe5 Rfe8 16. Nc5 Qxc5 17. dxc5 Rxe5+ 18. Kd1 Rbe8 19. f3 Re3 20. Qa4 Be2+
21. Kc1 Bb5 22. Qd4 Rd3 23. Qf4 d4 24. c4 Bxc4 25. b3 Bb5 26. Rb2 Nd5 27. Qd6
Rc3+ 28. Kb1 Rce3 29. Rd2 R3e6 30. Qd7 R6e7 31. Qg4 d3 32. Qd4 g6 33. Kc1 Re2
34. Rhd1 Ne3 35. a4 Ba6 36. Rxd3 Nc2 37. Qc3 Bxd3 38. Rxd3 Ne3 39. Qd4 Nd5 40.
Rd2 R2e3 41. Rd3 Re2 42. b4 Ra2 43. b5 Re1+ 44. Rd1 Ree2 45. Kb1 Rxa4 46. Qxa4
Nc3+ 47. Kc1 Nxa4 48. bxc6 Re5 0-1

[Event "Open Ciudad de San Sebastián 2018"]
[Site "San Sebastian ESP"]
[Date "2018.03.29"]
[Round "7.3"]
[White "Iruzubieta Villaluenga, Jesus M"]
[Black "Prieto Aranguren, Alain"]
[Result "1-0"]
[WhiteElo "2426"]
[BlackElo "2261"]
[PlyCount "55"]
[EventDate "2018.03.24"]
[EventType "swiss"]
[EventRounds "9"]
[EventCountry "ESP"]
[SourceTitle "Ajedrez en Madrid"]
[Source "lmi"]
[SourceDate "2018.03.24"]
[SourceVersion "1"]
[SourceVersionDate "2018.04.01"]
[SourceQuality "1"]

1. e4 c6 2. d4 d5 3. e5 Bf5 4. h4 h5 5. Bd3 Bxd3 6. Qxd3 e6 7. Bg5 Qb6 8. Nd2
c5 9. c4 Qxb2 10. Rd1 Nc6 11. Ne2 Nb4 12. Qf3 Qxa2 13. O-O Qa6 14. Nf4 Qc6 15.
dxc5 d4 16. Ne4 Nh6 17. Rxd4 Nf5 18. Rd2 Bxc5 19. Rfd1 Be7 20. Bxe7 Kxe7 21.
Rd7+ Ke8 22. Rxb7 Nxh4 23. Qa3 a5 24. Nd6+ Kf8 25. Rxf7+ Kg8 26. Qg3 Rh7 27.
Qxh4 a4 28. Nxh5 1-0

[Event "Open Ciudad de San Sebastián 2018"]
[Site "San Sebastian ESP"]
[Date "2018.03.29"]
[Round "7.4"]
[White "Del Rio De Angelis, Salvador G"]
[Black "Forgas Moreno, Yaniela"]
[Result "1-0"]
[WhiteElo "2535"]
[BlackElo "2245"]
[PlyCount "103"]
[EventDate "2018.03.24"]
[EventType "swiss"]
[EventRounds "9"]
[EventCountry "ESP"]
[SourceTitle "Ajedrez en Madrid"]
[Source "lmi"]
[SourceDate "2018.03.24"]
[SourceVersion "1"]
[SourceVersionDate "2018.04.01"]
[SourceQuality "1"]

1. d4 f5 2. c4 Nf6 3. e3 g6 4. Nf3 Bg7 5. b4 O-O 6. Bb2 d6 7. Be2 c6 8. O-O Ne4
9. Nbd2 d5 10. a4 a6 11. Qb3 Nxd2 12. Nxd2 Be6 13. Qc2 Nd7 14. Nb3 Bf7 15. Na5
Rb8 16. c5 Qc7 17. f4 Nf6 18. Bc3 Ne4 19. Be1 g5 20. Nb3 Bh6 21. g3 Qd7 22. Nd2
Nxd2 23. Bxd2 Qe6 24. Bd3 Bg6 25. Rae1 g4 26. Rb1 Be8 27. b5 axb5 28. axb5 Bd7
29. Kf2 Bg7 30. h3 h5 31. hxg4 hxg4 32. Rh1 Qg6 33. bxc6 bxc6 34. Rb6 Kf7 35.
Qb1 Rbd8 36. Rb7 Bc8 37. Rc7 Rh8 38. Rxh8 Rxh8 39. Bf1 Ba6 40. Bxa6 Rh2+ 41.
Ke1 Bxd4 42. Qd3 Bxc5 43. Bc8 Rh5 44. Qc3 Qd6 45. Qe5 Qh6 46. Rd7 Bb4 47. Kd1
Rh1+ 48. Kc2 Rh2 49. Kb3 Rxd2 50. Qxf5+ Qf6 51. Qh7+ Ke6 52. Rd8# 1-0

[Event "Open Ciudad de San Sebastián 2018"]
[Site "San Sebastian ESP"]
[Date "2018.03.29"]
[Round "7.5"]
[White "Pulvett Marin, Daniel"]
[Black "Corral Sierra, Javier"]
[Result "1-0"]
[WhiteElo "2459"]
[BlackElo "2040"]
[PlyCount "79"]
[EventDate "2018.03.24"]
[EventType "swiss"]
[EventRounds "9"]
[EventCountry "ESP"]
[SourceTitle "Ajedrez en Madrid"]
[Source "lmi"]
[SourceDate "2018.03.24"]
[SourceVersion "1"]
[SourceVersionDate "2018.04.01"]
[SourceQuality "1"]

1. d4 Nf6 2. c4 c5 3. d5 b5 4. cxb5 a6 5. b6 e6 6. Nc3 exd5 7. Nxd5 Nxd5 8.
Qxd5 Nc6 9. Nf3 Be7 10. Ne5 O-O 11. Nxc6 dxc6 12. Qxd8 Bxd8 13. Bd2 Bxb6 14. e3
Be6 15. Be2 a5 16. Bf3 Bd5 17. Bc3 a4 18. a3 Ba5 19. Bxa5 Rxa5 20. Bxd5 cxd5
21. O-O-O c4 22. Rd4 c3 23. bxc3 Rc8 24. Kd2 Rb8 25. Rb4 Rc8 26. Rhb1 Rac5 27.
Rc1 Ra8 28. Kd3 Rca5 29. Rcb1 Kf8 30. Kd4 Ke7 31. Rb7+ Ke8 32. g4 Rc8 33. Rb8
Rxb8 34. Rxb8+ Ke7 35. f4 h5 36. Rb7+ Ke6 37. Rb6+ Ke7 38. gxh5 Ra8 39. h6 g6
40. Ke5 1-0

[Event "Open Ciudad de San Sebastián 2018"]
[Site "San Sebastian ESP"]
[Date "2018.03.29"]
[Round "7.6"]
[White "Aguero Jimenez, Luis Lazaro"]
[Black "Gorny, Michael"]
[Result "1-0"]
[WhiteElo "2463"]
[BlackElo "1989"]
[PlyCount "81"]
[EventDate "2018.03.24"]
[EventType "swiss"]
[EventRounds "9"]
[EventCountry "ESP"]
[SourceTitle "Ajedrez en Madrid"]
[Source "lmi"]
[SourceDate "2018.03.24"]
[SourceVersion "1"]
[SourceVersionDate "2018.04.01"]
[SourceQuality "1"]

1. Nc3 c5 2. Nf3 d6 3. d4 cxd4 4. Nxd4 Nf6 5. Bg5 e6 6. g3 a6 7. Bg2 Be7 8. O-O
O-O 9. a4 Qc7 10. a5 Nc6 11. Nb3 Ne5 12. Nd2 Re8 13. Be3 Nfd7 14. Na4 Ng4 15.
Nb6 Rb8 16. Bd4 Bf6 17. Nxd7 Qxd7 18. Nc4 d5 19. Ba7 Qc7 20. Nb6 Bxb2 21. Ra2
Bc3 22. Qd3 Bf6 23. c4 Ne5 24. Qc2 d4 25. Bxb8 Qxb8 26. Rb1 Qd6 27. c5 Qc7 28.
Nxc8 Rxc8 29. Rxb7 Qd8 30. c6 g6 31. c7 Qe8 32. Rab2 Nd7 33. Rb1 Be5 34. Qc6
Kg7 35. f4 Bf6 36. Rb8 e5 37. Rxc8 Qxc8 38. Bh3 exf4 39. Bxd7 Qf8 40. c8=Q Qa3
41. Qf3 1-0

[Event "Open Ciudad de San Sebastián 2018"]
[Site "San Sebastian ESP"]
[Date "2018.03.29"]
[Round "7.7"]
[White "Hernandez Sanchez, Elvis De La C"]
[Black "Vicente Ezeiza, Mikel"]
[Result "1-0"]
[WhiteElo "2261"]
[BlackElo "1921"]
[PlyCount "51"]
[EventDate "2018.03.24"]
[EventType "swiss"]
[EventRounds "9"]
[EventCountry "ESP"]
[SourceTitle "Ajedrez en Madrid"]
[Source "lmi"]
[SourceDate "2018.03.24"]
[SourceVersion "1"]
[SourceVersionDate "2018.04.01"]
[SourceQuality "1"]

1. e4 c5 2. Nf3 d6 3. d4 cxd4 4. Nxd4 Nf6 5. Nc3 g6 6. Be2 Bg7 7. O-O O-O 8.
Nb3 b6 9. e5 dxe5 10. Bf3 e4 11. Nxe4 Nd5 12. Qxd5 Qxd5 13. Nf6+ Bxf6 14. Bxd5
Ba6 15. Bxa8 Bxf1 16. Kxf1 Rc8 17. c3 Nc6 18. Bxc6 Rxc6 19. Be3 Kf8 20. Ke2 Ke8
21. a4 a6 22. Nd4 Rd6 23. Rd1 Kd7 24. Nc2 Kc6 25. Nb4+ Kb7 26. Rxd6 1-0

[Event "Open Ciudad de San Sebastián 2018"]
[Site "San Sebastian ESP"]
[Date "2018.03.29"]
[Round "7.8"]
[White "Muñoz Avila, Jose Luis"]
[Black "Hernandez Estevez, Yudania"]
[Result "1-0"]
[WhiteElo "2055"]
[BlackElo "2241"]
[PlyCount "57"]
[EventDate "2018.03.24"]
[EventType "swiss"]
[EventRounds "9"]
[EventCountry "ESP"]
[SourceTitle "Ajedrez en Madrid"]
[Source "lmi"]
[SourceDate "2018.03.24"]
[SourceVersion "1"]
[SourceVersionDate "2018.04.01"]
[SourceQuality "1"]

1. d4 d5 2. Nf3 c6 3. c4 Nf6 4. Qc2 dxc4 5. Qxc4 g6 6. g3 Bg7 7. Bg2 O-O 8. O-O
Nbd7 9. Qc2 Nd5 10. e4 Nb4 11. Qb3 a5 12. Be3 e5 13. d5 cxd5 14. exd5 b6 15. a3
Na6 16. Nc3 Nac5 17. Qa2 a4 18. Rad1 Ba6 19. Rfe1 Re8 20. d6 Nd3 21. Ng5 Rf8
22. Nd5 Bf6 23. Ne4 Bg7 24. Ng5 Bf6 25. Ne4 Bg7 26. Ne7+ Kh8 27. Ng5 Nxe1 28.
Rxe1 f5 29. Qg8+ 1-0

[Event "Open Ciudad de San Sebastián 2018"]
[Site "San Sebastian ESP"]
[Date "2018.03.29"]
[Round "7.9"]
[White "Segura Del Frago, Imanol"]
[Black "Urriza Iricibar, Pablo"]
[Result "1-0"]
[WhiteElo "2007"]
[BlackElo "2232"]
[PlyCount "139"]
[EventDate "2018.03.24"]
[EventType "swiss"]
[EventRounds "9"]
[EventCountry "ESP"]
[SourceTitle "Ajedrez en Madrid"]
[Source "lmi"]
[SourceDate "2018.03.24"]
[SourceVersion "1"]
[SourceVersionDate "2018.04.01"]
[SourceQuality "1"]

1. Nf3 d6 2. e4 c5 3. d4 cxd4 4. Nxd4 Nf6 5. Nc3 g6 6. Be3 Bg7 7. f3 O-O 8. Bc4
Nc6 9. Qd2 Bd7 10. O-O-O Rb8 11. h4 Na5 12. Be2 b5 13. Ndxb5 a6 14. Nd4 Qc7 15.
Bh6 Rfc8 16. Bxg7 Kxg7 17. h5 Nc4 18. Bxc4 Qxc4 19. hxg6 fxg6 20. g4 Kg8 21.
Nb3 Be6 22. g5 Nh5 23. Nd5 Kf8 24. c3 a5 25. Qd4 a4 26. Qxc4 Rxc4 27. Nd2 Rc5
28. c4 Bg8 29. Kc2 Ra8 30. b4 axb3+ 31. axb3 Rca5 32. Rb1 e6 33. Nc7 Rc8 34. b4
Ra2+ 35. Kc3 Rxc7 36. b5 e5 37. b6 Rb7 38. Rb5 Be6 39. Rhb1 Ke7 40. Nb3 Bd7 41.
Ra5 Rxa5 42. Nxa5 Rb8 43. b7 Kd8 44. c5 dxc5 45. Kc4 Kc7 46. Kxc5 Nf4 47. Rh1
Ne6+ 48. Kd5 Nxg5 49. Rc1+ Kb6 50. Kd6 Bb5 51. Rc8 Ka7 52. Kxe5 Nxf3+ 53. Kf6
Bd7 54. Rc7 Rd8 55. Ke7 Rb8 56. Rxd7 Kb6 57. Nc4+ Kc6 58. Na5+ Kb6 59. Rd8 Kc7
60. Rd7+ Kb6 61. Rd8 Kc7 62. Rxb8 Kxb8 63. Kd6 h5 64. e5 Nh4 65. Kc6 Nf5 66.
Nc4 h4 67. Nd2 h3 68. Nf3 Nd4+ 69. Nxd4 h2 70. Kb6 1-0

[Event "Open Ciudad de San Sebastián 2018"]
[Site "San Sebastian ESP"]
[Date "2018.03.29"]
[Round "7.10"]
[White "Habans Aguerrea, Javier"]
[Black "Pena Duarte, Fabian Dario"]
[Result "0-1"]
[WhiteElo "1930"]
[BlackElo "2207"]
[PlyCount "94"]
[EventDate "2018.03.24"]
[EventType "swiss"]
[EventRounds "9"]
[EventCountry "ESP"]
[SourceTitle "Ajedrez en Madrid"]
[Source "lmi"]
[SourceDate "2018.03.24"]
[SourceVersion "1"]
[SourceVersionDate "2018.04.01"]
[SourceQuality "1"]

1. d4 d6 2. e4 Nf6 3. Nc3 c6 4. Nf3 Bg4 5. Bc4 e6 6. h3 Bh5 7. Bf4 d5 8. exd5
exd5 9. Bd3 Be7 10. g4 Bg6 11. Qd2 O-O 12. O-O-O b5 13. Ne5 a5 14. h4 a4 15. h5
Bxd3 16. Qxd3 b4 17. Nb1 Ne4 18. Rdf1 f6 19. Nf3 Na6 20. Nbd2 Nd6 21. Rfg1 b3
22. a3 bxc2 23. g5 f5 24. Ne5 Ne4 25. Nxe4 fxe4 26. Qg3 Qb6 27. Nd7 Qxd4 28.
Qg4 Nb4 29. Qe6+ Kh8 30. Ne5 Nd3+ 31. Nxd3 exd3 32. Be3 Qe4 33. Qxe4 dxe4 34.
Rh4 Rab8 35. Rxe4 Bxa3 36. Bd4 Rfd8 37. Bc3 Bc5 38. h6 a3 39. g6 axb2+ 40. Bxb2
hxg6 41. hxg7+ Kg8 42. Kd2 Rxb2 43. Rxg6 Bb4+ 44. Rxb4 Rxb4 45. Rxc6 Rf4 46.
Ke3 Rf6 47. Rxf6 c1=Q+ 0-1